000 01939pam a2200289 a 4500
001 3229
003 FISKH
005 20240610145259.0
008 880628s1989 enka b 001 0 eng
010 _a 88018484
020 _a0415012813
020 _a9780415063463
040 _aDLC
_cDLC
_dDLC
_beng
043 _af-ua---
050 0 0 _aDT61
_b.K44 1989
082 0 0 _a932
_219
100 1 _aKemp, Barry J.
245 1 0 _aAncient Egypt :
_banatomy of a civilization /
_cBarry J. Kemp.
250 _aThis edition published in 2002
260 _aLondon ;
_aNew York :
_bRoutledge,
_c1989.
300 _a356 pages :
_billustrations ;
_c25 cm
504 _aIncludes bibliographical references and index.
520 _aThis fully revised and updated third edition of the bestselling Ancient Egypt seeks to identify what gave ancient Egypt its distinctive and enduring characteristics, ranging across material culture, the mindset of its people, and social and economic factors. In this volume, Barry J. Kemp identifies the ideas by which the Egyptians organized their experience of the world and explains how they maintained a uniform style in their art and architecture across three thousand years, whilst accommodating substantial changes in outlook. The underlying aim is to relate ancient Egypt to the broader mainstream of our understanding of how all human societies function. Source material is taken from ancient written documents, while the book also highlights the contribution that archaeology makes to our understanding of Egyptian culture and society. It uses numerous case studies, illustrating them with artwork expressly prepared from specialist sources. Broad ranging yet impressively detailed, the book is an indispensable text for all students of ancient Egypt and for the general reader.
651 0 _aEgypt
_xCivilization
_yTo 332 B.C.
906 _a7
_bcbc
_corignew
_d1
_eocip
_f19
_gy-gencatlg
942 _2ddc
_cBK
_n0
999 _c3229
_d3229